Ortalama yüksekliği en fazla 10 şehir - Statistics

General Stats
  • This quiz has been taken 5 times
  • The average score is 9 of 10
Answer Stats
Şehir Ortalama
Yükseklik (M)
% Correct
Ağrı 2.069
100%
Bayburt 1.946
100%
Erzurum 2.081
100%
Hakkari 2.139
100%
Kars 1.973
100%
Van 2.251
100%
Ardahan 2.149
80%
Erzincan 1.818
80%
Gümüşhane 1.858
80%
Bitlis 1.828
60%
No matching quizzes found
Score Distribution
Percent of People with Each Score
Percentile by Number Answered
Your Score History
You have not taken this quiz